| 000 | 01311cam a22003617a 4500 | ||
|---|---|---|---|
| 003 | CHAP | ||
| 005 | 20220329143017.0 | ||
| 008 | 050802d1986 mx r 00110 spa d | ||
| 010 | _a90631 | ||
| 011 | _a91603 | ||
| 020 | _a9682420172 | ||
| 035 | _a102163 | ||
| 040 | _cCHAP | ||
| 082 | 0 | 4 |
_a658.31 _bH4 |
| 100 | 0 | 0 |
_aHernández y Rodríguez, Sergio. _954754 |
| 245 | 1 | 0 |
_aCasos y prácticas de administración de recursos humanos _c/por Sergio Hernández Rodríguez y Ricardo Alfredo Varela Juárez |
| 250 | _a2 ed. | ||
| 260 |
_aMéxico, D. F. : _bTrillas. _c1986. |
||
| 300 | _a131 p. | ||
| 590 |
_aBATCH-UPD _b10 _c20130110 _lUCH01 _h0624 |
||
| 590 |
_aBATCH-UPD _b10 _c20130410 _lUCH01 _h0307 |
||
| 590 |
_aBATCH-UPD _b10 _c20130914 _lUCH01 _h1611 |
||
| 590 |
_aCONVERSION _b10 _c20130109 _lUCH01 _h1350 |
||
| 650 | 1 | 4 |
_aPersonal _xAdministración de. _987325 |
| 650 | 1 | 4 |
_aRecursos humanos. _995137 |
| 700 | 0 |
_aVarela Juárez, Ricardo Alfredo. _9117938 |
|
| 901 | _aBK | ||
| 905 | _aLilia | ||
| 942 | _cLIBRO | ||
| 949 |
_a658.31 H4 _bBC _cLIBRO _d33724000975116 _eLIBRO _fc.3 _gI.c/e _h106325 _i102163 _sb _t$120.00 |
||
| 949 |
_a658.31 H4 _bBC _cLIBRO _d33724000975173 _eLIBRO _fc.2 _gI.c/e _h106324 _i102163 _sb _t$120.00 |
||
| 949 |
_a658.31 H4 _bBC _cLIBRO _d33724000975231 _eLIBRO _gI.c/e _h106323 _i102163 _sb _t$120.00 |
||
| 999 |
_c90631 _d90631 |
||